[Event "SPFNO K-12 Online"]
[Site "chess.com"]
[Date "2020.10.10"]
[Round "1"]
[White "Jammalamadaka, Vihaan"]
[Black "Hemstapat, Andrew"]
[Result "0-1"]
[WhiteElo "1313"]
[BlackElo "2071"]
[PlyCount "70"]
[EventDate "2020.10.24"]
[EventType "swiss"]
[EventRounds "6"]
[EventCountry "CAN"]

1. d4 Nf6 2. c4 g6 3. Nc3 Bg7 4. e4 d6 5. Nf3 O-O 6. Be2 e5 7. dxe5 dxe5 8.
Qxd8 Rxd8 9. Nd5 Nxd5 10. cxd5 c6 11. Bc4 cxd5 12. Bxd5 Nd7 13. Bg5 Re8 14.
O-O-O h6 15. Be3 Nf6 16. Kb1 Nxd5 17. exd5 Bf5+ 18. Ka1 Red8 19. Rhe1 Rac8 20.
Bxa7 Bc2 21. Rd2 e4 22. Nd4 Bd3 23. f3 Rxd5 24. fxe4 Bxe4 25. a3 f5 26. g4 Ra5
27. gxf5 gxf5 28. Bb6 Ra6 29. Rg1 Rxb6 30. Ne6 Rxe6 31. Rd7 f4 32. Rdxg7+ Kh8
33. Rf7 f3 34. Re1 Rce8 35. Rg1 Bd5 0-1

[Event "SPFNO K-12 Online"]
[Site "chess.com"]
[Date "2020.10.10"]
[Round "2"]
[White "Hemstapat, Andrew"]
[Black "Beck, Alec"]
[Result "1-0"]
[WhiteElo "2071"]
[BlackElo "1942"]
[PlyCount "33"]
[EventDate "2020.10.24"]
[EventType "swiss"]
[EventRounds "6"]
[EventCountry "CAN"]

1. e4 c5 2. Nf3 e6 3. d4 cxd4 4. Nxd4 Nf6 5. Nc3 Nc6 6. Nxc6 bxc6 7. e5 Nd5 8.
Ne4 Qc7 9. f4 Qb6 10. c4 Bb4+ 11. Ke2 Ba6 12. Kf3 f5 13. exf6 Nxf6 14. Be3 Qa5
15. Nxf6+ gxf6 16. Kf2 Bc5 17. Qh5+ 1-0

[Event "SPFNO K-12 Online"]
[Site "chess.com"]
[Date "2020.10.10"]
[Round "2"]
[White "Wang, Ted"]
[Black "Huang, Patrick"]
[Result "0-1"]
[WhiteElo "779"]
[BlackElo "2046"]
[PlyCount "76"]
[EventDate "2020.10.24"]
[EventType "swiss"]
[EventRounds "6"]
[EventCountry "CAN"]

1. e4 g6 2. d4 Bg7 3. Nf3 d6 4. Nc3 a6 5. Be3 b5 6. a3 Bb7 7. Bd3 Nd7 8. Qd2 c5
9. d5 Ngf6 10. Bh6 O-O 11. h4 Re8 12. h5 Bh8 13. hxg6 hxg6 14. Qf4 e6 15. Qh4
exd5 16. Bg5 Bg7 17. Bh6 Nxe4 18. Bxg7 Qxh4 19. Rxh4 Kxg7 20. O-O-O Nxf2 21.
Rf1 Nxd3+ 22. cxd3 Ne5 23. Ng5 Re7 24. Rh7+ Kf8 25. Rh8+ Kg7 26. Rh7+ Kg8 27.
Rfh1 Nxd3+ 28. Kc2 c4 29. Nxf7 Rxf7 30. Rxf7 Kxf7 31. Rh7+ Ke6 32. Rxb7 Rf8 33.
Ra7 Rf2+ 34. Kd1 Nxb2+ 35. Ke1 Nd3+ 36. Kd1 Rxg2 37. Nxb5 axb5 38. Rb7 c3 0-1

[Event "SPFNO K-12 Online"]
[Site "chess.com"]
[Date "2020.10.10"]
[Round "3"]
[White "Deshpande, Aaryan"]
[Black "Hemstapat, Andrew"]
[Result "0-1"]
[WhiteElo "2111"]
[BlackElo "2071"]
[PlyCount "68"]
[EventDate "2020.10.24"]
[EventType "swiss"]
[EventRounds "6"]
[EventCountry "CAN"]

1. d4 Nf6 2. Bf4 c5 3. e3 Qb6 4. Nc3 d6 5. Rb1 g6 6. Qd2 Bg7 7. d5 a6 8. e4
Nbd7 9. Nf3 Qc7 10. a4 O-O 11. Bh6 Rb8 12. h4 Bxh6 13. Qxh6 b5 14. h5 Ng4 15.
Qg5 Ndf6 16. hxg6 fxg6 17. e5 Nxe5 18. Nxe5 dxe5 19. Bd3 Rf7 20. d6 Qxd6 21.
Rd1 Qb6 22. axb5 axb5 23. Bxb5 Ba6 24. Bxa6 Qxa6 25. Qxe5 Rxb2 26. Rd8+ Kg7 27.
Qg5 Qe6+ 28. Kd1 Ng4 29. Kc1 Rb4 30. f3 Rf5 31. Qd2 Qa6 32. Nb1 Rf6 33. fxg4
Rxb1+ 34. Kxb1 Rb6+ 0-1

[Event "SPFNO K-12 Online"]
[Site "chess.com"]
[Date "2020.10.10"]
[Round "3"]
[White "Huang, Patrick"]
[Black "Mahajan, Rushaan"]
[Result "0-1"]
[WhiteElo "2046"]
[BlackElo "2209"]
[PlyCount "102"]
[EventDate "2020.10.24"]
[EventType "swiss"]
[EventRounds "6"]
[EventCountry "CAN"]

1. d4 Nf6 2. Bf4 d5 3. e3 c5 4. c3 Nc6 5. Nd2 Bf5 6. Ngf3 e6 7. Qb3 Qb6 8. Qxb6
axb6 9. Bc7 Nd7 10. Nh4 Bg4 11. h3 Bh5 12. g4 Bg6 13. Nxg6 hxg6 14. Bg2 Be7 15.
O-O O-O 16. a3 b5 17. Rfd1 Rfc8 18. Bg3 b4 19. dxc5 bxc3 20. bxc3 Nxc5 21. c4
d4 22. Bxc6 dxe3 23. Bg2 exd2 24. Ra2 Rd8 25. Raxd2 Rxd2 26. Rxd2 Rxa3 27. Rc2
f6 28. Kf1 e5 29. Bd5+ Kf8 30. Rb2 Rb3 31. Ra2 Bd8 32. Ra8 Ke7 33. Rc8 Nd7 34.
Ke2 Nb6 35. Rc5 Kd6 36. Ra5 Nxc4 37. Ra8 Kxd5 38. Rxd8+ Ke4 39. Rd7 Rb2+ 40.
Ke1 b5 41. Rxg7 b4 42. Rxg6 Rb1+ 43. Ke2 b3 44. Rg8 b2 45. Rb8 Rc1 46. Rd8 Rc2+
47. Kf1 b1=Q+ 48. Kg2 Ne3+ 49. Kh2 Qf1 50. Rd4+ exd4 51. Be5 Qg2# 0-1

[Event "SPFNO K-12 Online"]
[Site "chess.com"]
[Date "2020.10.11"]
[Round "4"]
[White "Hemstapat, Andrew"]
[Black "Shubin, Daniel"]
[Result "1/2-1/2"]
[WhiteElo "2071"]
[BlackElo "2161"]
[PlyCount "85"]
[EventDate "2020.10.24"]
[EventType "swiss"]
[EventRounds "6"]
[EventCountry "CAN"]

1. e4 e6 2. d4 d5 3. Nd2 Nf6 4. e5 Nfd7 5. Bd3 c5 6. c3 Nc6 7. Ne2 Qb6 8. Nf3
cxd4 9. cxd4 f6 10. exf6 Nxf6 11. O-O Bd6 12. Bf4 Bxf4 13. Nxf4 O-O 14. Re1
Qxb2 15. Nxe6 Bxe6 16. Rxe6 Rae8 17. Rxe8 Rxe8 18. Rb1 Qxa2 19. Rxb7 Ne4 20.
Qf1 Nd2 21. Qc1 Nxf3+ 22. gxf3 Nd8 23. Rb5 Qa6 24. Qc5 Qc6 25. Bf5 g6 26. Bh3
Qxc5 27. Rxc5 Kf7 28. Rxd5 Ne6 29. Bxe6+ Kxe6 30. Ra5 Re7 31. Kg2 Rd7 32. Kg3
Rxd4 33. Rxa7 h6 34. Rh7 h5 35. Rh8 Rd1 36. f4 Rd3+ 37. f3 Rd2 38. h3 Rd5 39.
Re8+ Kf6 40. Rb8 Rc5 41. Rb6+ Kf5 42. Ra6 Rb5 43. Rc6 1/2-1/2

[Event "SPFNO K-12 Online"]
[Site "chess.com"]
[Date "2020.10.11"]
[Round "4"]
[White "Jammalamadaka, Vihaan"]
[Black "Huang, Patrick"]
[Result "0-1"]
[WhiteElo "1313"]
[BlackElo "2046"]
[PlyCount "122"]
[EventDate "2020.10.24"]
[EventType "swiss"]
[EventRounds "6"]
[EventCountry "CAN"]

1. d4 g6 2. c4 Bg7 3. Nc3 d6 4. e4 e5 5. Nf3 Nc6 6. dxe5 dxe5 7. Qxd8+ Kxd8 8.
Be3 f6 9. O-O-O+ Bd7 10. g3 Kc8 11. a3 Bh6 12. Bxh6 Nxh6 13. h3 Be6 14. Be2 Nf7
15. g4 Ne7 16. Nd5 Ng8 17. Rd2 c6 18. Ne3 Ne7 19. Rhd1 Kc7 20. c5 Bb3 21. Rd7+
Kc8 22. R1d3 Re8 23. Rxe7 Rxe7 24. Rxb3 Kc7 25. Bc4 b6 26. cxb6+ axb6 27. Rd3
Nd6 28. Nd2 Rh8 29. Rc3 Kb7 30. Bb3 Nb5 31. Rd3 Nd4 32. Nc2 Ne2+ 33. Kd1 Nf4
34. Rd6 Rf8 35. Nb4 Nxh3 36. Nxc6 Kc7 37. Nc4 Nxf2+ 38. Ke2 Nxe4 39. Nxe7 Nxd6
40. Nd5+ Kc6 41. Ncxb6 Nb5 42. Ba4 Rb8 43. Bxb5+ Kxb5 44. a4+ Kc6 45. a5 f5 46.
g5 e4 47. b4 Kb5 48. Ke3 Rh8 49. Kf4 h6 50. gxh6 Rxh6 51. Nd7 Rh4+ 52. Ke5 e3
53. Nc7+ Kxb4 54. a6 e2 55. a7 e1=Q+ 56. Kf6 Qa1+ 57. Ne5 Re4 58. a8=Q Qxe5+
59. Kf7 Qxc7+ 60. Kg8 Re7 61. Qf8 Kc4 0-1

[Event "SPFNO K-12 Online"]
[Site "chess.com"]
[Date "2020.10.11"]
[Round "5"]
[White "Hemstapat, Andrew"]
[Black "Mahajan, Rushaan"]
[Result "1-0"]
[WhiteElo "2071"]
[BlackElo "2209"]
[PlyCount "83"]
[EventDate "2020.10.24"]
[EventType "swiss"]
[EventRounds "6"]
[EventCountry "CAN"]

1. e4 c6 2. d4 d5 3. e5 c5 4. dxc5 e6 5. a3 Bxc5 6. b4 Be7 7. Qg4 g6 8. Nf3 Nd7
9. c4 dxc4 10. Nc3 a5 11. Rb1 axb4 12. axb4 Nb6 13. Bxc4 h5 14. Qe4 Bd7 15. Be2
Bc6 16. Bb5 Qd7 17. Bxc6 Qxc6 18. Qxc6+ bxc6 19. O-O Nd5 20. Nxd5 cxd5 21. Be3
Bd8 22. Rfc1 Ne7 23. b5 Kd7 24. b6 Rb8 25. Ng5 Nc6 26. Nxf7 Rf8 27. Nxd8 Rfxd8
28. b7 d4 29. Bd2 g5 30. Bxg5 Rf8 31. Bf6 Na5 32. Rb4 Rxb7 33. Rxd4+ Ke8 34. h3
Kf7 35. Rcd1 Kg6 36. Rd7 Rf7 37. Rd8 Rb4 38. Rg8+ Kf5 39. Rg5+ Ke4 40. Rxh5 Rb2
41. Rh4+ Kf5 42. Rdd4 1-0

[Event "SPFNO K-12 Online"]
[Site "chess.com"]
[Date "2020.10.11"]
[Round "5"]
[White "Shubin, Daniel"]
[Black "Huang, Patrick"]
[Result "1-0"]
[WhiteElo "2161"]
[BlackElo "2046"]
[PlyCount "133"]
[EventDate "2020.10.24"]
[EventType "swiss"]
[EventRounds "6"]
[EventCountry "CAN"]

1. e4 g6 2. d4 Bg7 3. Nf3 d6 4. Be2 Nd7 5. O-O e5 6. Nc3 Ngf6 7. Bg5 h6 8. Bh4
c6 9. Bg3 Qe7 10. Qd3 O-O 11. Rad1 Re8 12. dxe5 dxe5 13. h3 Nh5 14. Bh2 Nf4 15.
Qe3 g5 16. Bc4 Nf6 17. Rfe1 N6h5 18. Ne2 Qf6 19. Ng3 Qg6 20. Nxh5 Qxh5 21. Rd6
Bf8 22. Rf6 Be6 23. Bxe6 Nxe6 24. Nxe5 Bc5 25. Qb3 Rad8 26. Ng4 Rd2 27. Qc3
Rdd8 28. Rxh6 Qxh6 29. Nxh6+ Kh7 30. Nxf7 Rd7 31. Qf6 Rf8 32. Qh6+ Kg8 33. Qg6+
Ng7 34. Qxg5 Bd4 35. Nh6+ Kh7 36. Nf5 Bf6 37. Qh6+ Kg8 38. Qg6 Bxb2 39. Bd6 Rf6
40. Qg4 Bc3 41. Ne7+ Rxe7 42. Bxe7 Rf7 43. Rd1 Rxe7 44. Rd8+ Kf7 45. Qf3+ Bf6
46. Rd6 Re6 47. Rxe6 Kxe6 48. Qb3+ Kd6 49. Qxb7 Bd4 50. h4 a5 51. Qf7 Ne6 52.
h5 Nc5 53. h6 Nxe4 54. Qg6+ Kd5 55. c4+ Ke5 56. Qg7+ Nf6 57. h7 c5 58. h8=Q Ke4
59. Qxf6 Bxf6 60. Qxf6 a4 61. Qc6+ Kd4 62. Qd5+ Kc3 63. g4 a3 64. g5 Kb2 65.
Qd2+ Ka1 66. g6 Kb1 67. g7 1-0

[Event "SPFNO K-12 Online"]
[Site "chess.com"]
[Date "2020.10.11"]
[Round "6"]
[White "Huang, Patrick"]
[Black "Tien, Sophie"]
[Result "1-0"]
[WhiteElo "2046"]
[BlackElo "1916"]
[PlyCount "101"]
[EventDate "2020.10.24"]
[EventType "swiss"]
[EventRounds "6"]
[EventCountry "CAN"]

1. d4 d5 2. Bf4 Nf6 3. e3 c5 4. c3 Nc6 5. Nd2 Bf5 6. Ngf3 Qb6 7. Nh4 Bg6 8.
Nxg6 hxg6 9. Qb3 c4 10. Qc2 e6 11. Be2 Be7 12. e4 O-O 13. e5 Nh7 14. h4 Qd8 15.
Nf3 b5 16. g4 Re8 17. Qd2 b4 18. Ng5 bxc3 19. bxc3 Rb8 20. Nxh7 Kxh7 21. g5 Kg8
22. h5 Ba3 23. Bg4 Bb2 24. Rd1 Qa5 25. Rh3 gxh5 26. Bxh5 g6 27. Bg4 Qxa2 28.
Kf1 Rb3 29. Kg2 Kf8 30. Bg3 Ke7 31. Qf4 Nd8 32. Rh7 Rb6 33. Qf6+ Kd7 34. Qxg6
Bxc3 35. Rxf7+ Nxf7 36. Qxf7+ Re7 37. Qf6 Rb8 38. g6 Qc2 39. Bh4 Rbe8 40. g7
Qh7 41. Qf3 Qxh4 42. Qxd5+ Kc7 43. Qd6+ Kc8 44. Qc6+ Kd8 45. Qa8+ Kc7 46. Qxa7+
Kd8 47. Qb6+ Rc7 48. Qb8+ Kd7 49. Qxe8+ Kxe8 50. g8=Q+ Ke7 51. Rh1 1-0

[Event "SPFNO K-12 Online"]
[Site "chess.com"]
[Date "2020.10.11"]
[Round "6"]
[White "Lu, Ryan"]
[Black "Hemstapat, Andrew"]
[Result "0-1"]
[WhiteElo "1948"]
[BlackElo "2071"]
[PlyCount "110"]
[EventDate "2020.10.24"]
[EventType "swiss"]
[EventRounds "6"]
[EventCountry "CAN"]

1. e4 e6 2. d4 d5 3. e5 c5 4. c3 Nc6 5. Nf3 Bd7 6. Be2 Qb6 7. O-O Nh6 8. Bxh6
gxh6 9. Qd2 Bg7 10. Na3 a6 11. Nc2 cxd4 12. cxd4 Rc8 13. Ne3 h5 14. Rfd1 O-O
15. Ne1 f6 16. exf6 Bxf6 17. N1c2 Be8 18. Bd3 Bg6 19. Bxg6 hxg6 20. b4 Nd8 21.
a4 Nf7 22. a5 Qc7 23. Rac1 Nd6 24. Ne1 Qg7 25. Nf3 Ne4 26. Qd3 Rxc1 27. Rxc1 g5
28. Nc2 g4 29. Nd2 Bg5 30. Nxe4 Bxc1 31. Nc5 Qf7 32. Qe2 Re8 33. Ne1 Bf4 34.
Ned3 Bd6 35. Qd2 Qg7 36. Qe3 Re7 37. Nxb7 Rxb7 38. Qxe6+ Kh7 39. Qxd6 Qxd4 40.
Qc6 Re7 41. Qc2 Kg7 42. Kf1 Qa1+ 43. Nc1 Qe5 44. Qd2 Kh7 45. Qd3+ Kh8 46. Qd2
Re6 47. g3 Qe4 48. Ne2 Kh7 49. Ng1 Kg6 50. Ne2 Qc4 51. Ke1 d4 52. Kf1 Kh7 53.
Qb2 d3 54. Nc3 d2+ 55. Kg2 Qc6+ 0-1

[Event "SPFNO K-8 w Online"]
[Site "chess.com"]
[Date "2020.10.10"]
[Round "1"]
[White "Guo, Veronica (Yu Han)"]
[Black "Danduprolu, Ridhi"]
[Result "1-0"]
[WhiteElo "1683"]
[BlackElo "1167"]
[PlyCount "95"]
[EventDate "2020.10.24"]
[EventType "swiss"]
[EventRounds "6"]
[EventCountry "CAN"]

1. d4 d5 2. Bf4 Nf6 3. e3 Nc6 4. Nf3 Bf5 5. c4 e6 6. a3 Be7 7. Nc3 O-O 8. Ne5
Nxe5 9. dxe5 Ne4 10. Rc1 f6 11. exf6 Bxf6 12. Nxe4 dxe4 13. Qe2 e5 14. Bg3 Qe7
15. h4 Rad8 16. h5 Bg5 17. Qc2 Rd7 18. Be2 Rfd8 19. Qc3 Re8 20. Bh2 Qe6 21. c5
Kh8 22. c6 bxc6 23. Qxc6 Qf7 24. Qc5 Qf6 25. Bb5 c6 26. Qxc6 Qxc6 27. Rxc6 Red8
28. O-O Rd1 29. Bxe5 R1d5 30. Bc7 Rc8 31. Ba6 Re8 32. Rfc1 Bd8 33. R6c5 Rxc5
34. Rxc5 Bxc7 35. Rxc7 Rb8 36. Rxa7 h6 37. b4 Rd8 38. Bc4 Rd1+ 39. Kh2 Ra1 40.
Ra8+ Kh7 41. Bg8+ Kh8 42. Be6+ Kh7 43. Bxf5+ g6 44. Ra7+ Kh8 45. hxg6 Kg8 46.
Be6+ Kh8 47. g7+ Kh7 48. g8=Q# 1-0

[Event "SPFNO K-8 w Online"]
[Site "chess.com"]
[Date "2020.10.10"]
[Round "2"]
[White "Devaraju, Sonia"]
[Black "Guo, Veronica (Yu Han)"]
[Result "0-1"]
[WhiteElo "1543"]
[BlackElo "1683"]
[PlyCount "64"]
[EventDate "2020.10.24"]
[EventType "swiss"]
[EventRounds "6"]
[EventCountry "CAN"]

1. e4 c6 2. d4 d5 3. e5 Bf5 4. Nf3 e6 5. Be2 Ne7 6. O-O Nd7 7. Nbd2 c5 8. c3
Nc6 9. Re1 Qb6 10. Nb3 a5 11. dxc5 Nxc5 12. Be3 a4 13. Nxc5 Bxc5 14. Qd2 Bxe3
15. fxe3 Qc7 16. Bb5 O-O 17. Bxc6 bxc6 18. Rf1 Be4 19. Qd4 c5 20. Qd1 Bxf3 21.
Rxf3 Qxe5 22. Rg3 Rfb8 23. Qe2 g6 24. Rf1 Ra7 25. Rff3 a3 26. bxa3 Qxc3 27. h4
Qxa3 28. Rf2 c4 29. h5 Qd6 30. Qg4 Rb1+ 31. Kh2 Re1 32. Kh3 Rh1# 0-1

[Event "SPFNO K-8 w Online"]
[Site "chess.com"]
[Date "2020.10.10"]
[Round "2"]
[White "Mok, Gillian"]
[Black "Kaur, Aradh"]
[Result "0-1"]
[WhiteElo "1508"]
[BlackElo "1651"]
[PlyCount "104"]
[EventDate "2020.10.24"]
[EventType "swiss"]
[EventRounds "6"]
[EventCountry "CAN"]

1. e4 e5 2. Nf3 Nc6 3. Nc3 Nf6 4. Bb5 d6 5. d3 Be7 6. h3 O-O 7. Be3 Be6 8. Qd2
a6 9. Ba4 b5 10. Bb3 Bxb3 11. axb3 d5 12. Nxd5 Nxd5 13. exd5 Qxd5 14. O-O Rfd8
15. Rfe1 Bb4 16. c3 Be7 17. c4 Qd7 18. Qc2 Nb4 19. Qc3 Qxd3 20. Qxe5 Bd6 21.
Qg5 Nc2 22. Red1 Qxb3 23. Nd4 Nxd4 24. Bxd4 Bf8 25. c5 Rd5 26. Qg4 Rad8 27. Ra3
Qc4 28. Rad3 h5 29. Qg3 Rxd4 30. Rxd4 Rxd4 31. Rxd4 Qxd4 32. Qxc7 Qxc5 33. Qxc5
Bxc5 34. Kf1 Kf8 35. f3 Ke7 36. Ke2 Kd6 37. Kd3 Kd5 38. g4 hxg4 39. fxg4 Bd4
40. b3 a5 41. h4 a4 42. bxa4 bxa4 43. Kc2 a3 44. Kb3 Bc5 45. h5 Ke5 46. g5 Kf5
47. h6 gxh6 48. gxh6 Kg6 49. h7 Kxh7 50. Kc2 f5 51. Kc3 f4 52. Kc2 f3 0-1

[Event "SPFNO K-8 w Online"]
[Site "chess.com"]
[Date "2020.10.10"]
[Round "3"]
[White "Guo, Veronica (Yu Han)"]
[Black "Kaur, Aradh"]
[Result "1-0"]
[WhiteElo "1683"]
[BlackElo "1651"]
[PlyCount "135"]
[EventDate "2020.10.24"]
[EventType "swiss"]
[EventRounds "6"]
[EventCountry "CAN"]

1. d4 d5 2. Bf4 Nf6 3. e3 e6 4. Nd2 Be7 5. Ngf3 Nbd7 6. Bd3 O-O 7. Ne5 Nxe5 8.
dxe5 Nd7 9. Qh5 g6 10. Qg4 Nc5 11. Bh6 Nxd3+ 12. cxd3 Re8 13. h4 Bf8 14. Qf4
Bxh6 15. Qxh6 Qe7 16. h5 Qf8 17. hxg6 Qxh6 18. gxf7+ Kxf7 19. Rxh6 Kg7 20. Rh4
b6 21. Rc1 Re7 22. Nf3 Ba6 23. Kd2 c5 24. b3 Rf8 25. Rch1 Rh8 26. Rh6 c4 27. d4
cxb3 28. axb3 Bc8 29. Ng5 Kg8 30. R1h3 Rg7 31. Rg3 Rg6 32. Nxh7 Rxg3 33. Nf6+
Kg7 34. Rxh8 Kxh8 35. fxg3 Kg7 36. Ne8+ Kg6 37. Nd6 Bd7 38. b4 Kg5 39. Ke2 Kh5
40. b5 Kg5 41. Kf3 Kh5 42. Kf4 Kh6 43. g4 Kg6 44. Kg3 Kg5 45. Kh3 Kg6 46. Kh4
Kh6 47. g5+ Kg6 48. Kg4 a5 49. bxa6 b5 50. a7 Bc6 51. Nxb5 Ba8 52. Nc7 Bb7 53.
a8=Q Bxa8 54. Nxa8 Kg7 55. Kh5 Kh7 56. g6+ Kh8 57. Kg5 Kg8 58. Kf6 Kh8 59. Kxe6
Kg7 60. Kd7 Kh8 61. e6 Kg7 62. e7 Kh6 63. e8=Q Kh5 64. Qh8+ Kg5 65. Ke6 Kg4 66.
Qh3+ Kg5 67. g7 Kg6 68. g8=Q# 1-0

[Event "SPFNO K-8 w Online"]
[Site "chess.com"]
[Date "2020.10.10"]
[Round "3"]
[White "Sudhir, Isha"]
[Black "Mok, Gillian"]
[Result "0-1"]
[WhiteElo "575"]
[BlackElo "1508"]
[PlyCount "40"]
[EventDate "2020.10.24"]
[EventType "swiss"]
[EventRounds "6"]
[EventCountry "CAN"]

1. e4 e5 2. Nf3 Nc6 3. Nc3 Nf6 4. Bb5 d6 5. d3 Be7 6. O-O Bg4 7. Bg5 O-O 8.
Bxc6 bxc6 9. a4 d5 10. exd5 cxd5 11. Qe2 e4 12. dxe4 dxe4 13. Nxe4 Nxe4 14.
Qxe4 Bxf3 15. Bxe7 Bxe4 16. Bxd8 Raxd8 17. c3 Rfe8 18. Rfe1 Bc2 19. Rxe8+ Rxe8
20. Ra2 Re1# 0-1

[Event "SPFNO K-8 w Online"]
[Site "chess.com"]
[Date "2020.10.11"]
[Round "4"]
[White "Jammalamadaka, Varnika"]
[Black "Guo, Veronica (Yu Han)"]
[Result "0-1"]
[WhiteElo "1537"]
[BlackElo "1683"]
[PlyCount "84"]
[EventDate "2020.10.24"]
[EventType "swiss"]
[EventRounds "6"]
[EventCountry "CAN"]

1. d4 d5 2. c4 e6 3. Nc3 Be7 4. cxd5 exd5 5. Bf4 Nf6 6. e3 O-O 7. Bd3 c6 8.
Nge2 Nbd7 9. O-O Nh5 10. Qc2 h6 11. Rac1 Nxf4 12. Nxf4 Nf6 13. f3 Re8 14. Nfe2
Bd6 15. e4 dxe4 16. fxe4 Ng4 17. e5 Ne3 18. Qb3 Be6 19. d5 Bc5 20. Kh1 Nxd5 21.
Nxd5 Bxd5 22. Qc3 Be3 23. Bh7+ Kxh7 24. Qxe3 Qe7 25. Nc3 Be6 26. Qd3+ Kg8 27.
Ne4 Bd5 28. Nf6+ gxf6 29. Qg3+ Kh8 30. exf6 Qf8 31. Rf4 Re2 32. Rg1 Rae8 33.
Rg4 R8e6 34. Qh4 R2e4 35. Rxe4 Rxe4 36. Qg3 Re2 37. Qf4 Rxb2 38. a3 Rc2 39. h3
Rc3 40. Kh2 Rc4 41. Qd2 Qd6+ 42. g3 Qxf6 0-1

[Event "SPFNO K-8 w Online"]
[Site "chess.com"]
[Date "2020.10.11"]
[Round "4"]
[White "Kaur, Jind"]
[Black "Mok, Gillian"]
[Result "1-0"]
[WhiteElo "1336"]
[BlackElo "1508"]
[PlyCount "41"]
[EventDate "2020.10.24"]
[EventType "swiss"]
[EventRounds "6"]
[EventCountry "CAN"]

1. e4 e5 2. Nf3 Nc6 3. Bc4 Bc5 4. c3 Nf6 5. d4 exd4 6. cxd4 Bb4+ 7. Nc3 d5 8.
exd5 Nxd5 9. O-O Nxc3 10. bxc3 Bxc3 11. Qb3 Bxa1 12. Bxf7+ Kf8 13. Ba3+ Ne7 14.
Re1 Bd7 15. Ng5 Bxd4 16. Bg6 Qe8 17. Bxe8 Kxe8 18. Bxe7 Bc6 19. Bc5+ Kd7 20.
Qe6+ Kd8 21. Nf7# 1-0

[Event "SPFNO K-8 w Online"]
[Site "chess.com"]
[Date "2020.10.11"]
[Round "5"]
[White "Li, Melina"]
[Black "Guo, Veronica (Yu Han)"]
[Result "0-1"]
[WhiteElo "1702"]
[BlackElo "1683"]
[PlyCount "126"]
[EventDate "2020.10.24"]
[EventType "swiss"]
[EventRounds "6"]
[EventCountry "CAN"]

1. d4 d5 2. c4 e6 3. Nc3 Be7 4. cxd5 exd5 5. Nf3 Nf6 6. Bg5 c6 7. Qc2 g6 8. e3
Bf5 9. Bd3 Bxd3 10. Qxd3 O-O 11. O-O Nbd7 12. Rab1 a5 13. a3 Re8 14. b4 axb4
15. axb4 Ra3 16. Qc2 Qa8 17. Nd2 Nf8 18. Bf4 Ne6 19. Bg3 Nh5 20. b5 Nxg3 21.
hxg3 Rc8 22. Qb2 Ng7 23. Nf3 Nh5 24. bxc6 bxc6 25. Ra1 Rb8 26. Rxa3 Bxa3 27.
Qc2 Rb2 28. Qa4 Qxa4 29. Nxa4 Rc2 30. Ra1 Bd6 31. Nb6 Nf6 32. Nc8 Bf8 33. Ne5
Ne4 34. Rf1 f6 35. Nd7 Bh6 36. Nb8 Nxf2 37. Ne7+ Kf7 38. Nbxc6 Ng4 39. Nb4
Bxe3+ 40. Kh1 Rf2 41. Rxf2 Nxf2+ 42. Kh2 Ng4+ 43. Kh3 Kxe7 44. Kxg4 Ke6 45. Nc2
Bd2 46. Na1 h5+ 47. Kf3 Kf5 48. Nc2 g5 49. Ke2 Bc1 50. Kf3 g4+ 51. Kf2 Ke4 52.
Ke2 Bb2 53. Kf2 Bxd4+ 54. Nxd4 Kxd4 55. Kg1 Kc3 56. Kh2 d4 57. Kh1 d3 58. Kg1
d2 59. Kh2 Kd3 60. Kh1 d1=Q+ 61. Kh2 Qe2 62. Kh1 Ke3 63. Kh2 Kf2 0-1

[Event "SPFNO K-8 w Online"]
[Site "chess.com"]
[Date "2020.10.11"]
[Round "5"]
[White "Mok, Gillian"]
[Black "Westover, Charlotte"]
[Result "1-0"]
[WhiteElo "1508"]
[BlackElo "851"]
[PlyCount "27"]
[EventDate "2020.10.24"]
[EventType "swiss"]
[EventRounds "6"]
[EventCountry "CAN"]

1. e4 d5 2. exd5 Nf6 3. Nf3 Nxd5 4. d4 Bf5 5. Bd2 Nc6 6. Bb5 a6 7. Ba4 b5 8.
Bb3 Ndb4 9. Bxb4 Nxb4 10. Ne5 Bg6 11. Qf3 e6 12. O-O Bf5 13. c4 Nc2 14. Bxc2
1-0

[Event "SPFNO K-8 w Online"]
[Site "chess.com"]
[Date "2020.10.11"]
[Round "6"]
[White "Guo, Veronica (Yu Han)"]
[Black "Wang, Felicity"]
[Result "1-0"]
[WhiteElo "1683"]
[BlackElo "1667"]
[PlyCount "103"]
[EventDate "2020.10.24"]
[EventType "swiss"]
[EventRounds "6"]
[EventCountry "CAN"]

1. d4 g6 2. Bf4 d6 3. Nc3 Bg7 4. e4 Nd7 5. Nf3 e5 6. dxe5 dxe5 7. Bg5 f6 8. Be3
Nh6 9. h3 O-O 10. Qd2 Nf7 11. O-O-O c6 12. Bc4 b5 13. Bb3 Qe7 14. Qd6 Qxd6 15.
Rxd6 Nb8 16. Rhd1 a5 17. a4 b4 18. Ne2 Ba6 19. Ng3 Bb7 20. Rd8 Na6 21. Bxf7+
Kxf7 22. R8d7+ Kg8 23. Rxb7 Nb8 24. Ba7 Bh6+ 25. Kb1 Bg7 26. Bxb8 Rfxb8 27.
Rxb8+ Rxb8 28. Rd7 b3 29. Nd2 bxc2+ 30. Kxc2 Rb4 31. b3 Rb6 32. Nc4 Ra6 33. Nd6
Bf8 34. Ne8 c5 35. Ne2 Re6 36. Nc7 Rc6 37. Nd5 Ra6 38. Rc7 Rd6 39. Nec3 f5 40.
Ne7+ Kh8 41. exf5 gxf5 42. Nxf5 Rf6 43. g4 Kg8 44. Ne4 Rb6 45. Ng5 h6 46. Ne4
Ra6 47. Nxc5 Ra8 48. Ne6 Ra6 49. Nxf8 Kxf8 50. Kd3 Rb6 51. Rc3 Kf7 52. Ke4 1-0

[Event "SPFNO K-8 w Online"]
[Site "chess.com"]
[Date "2020.10.11"]
[Round "6"]
[White "Li, Melina"]
[Black "Mok, Gillian"]
[Result "0-1"]
[WhiteElo "1702"]
[BlackElo "1508"]
[PlyCount "90"]
[EventDate "2020.10.24"]
[EventType "swiss"]
[EventRounds "6"]
[EventCountry "CAN"]

1. d4 Nf6 2. c4 g6 3. Nc3 Bg7 4. e4 d6 5. f3 O-O 6. Be3 e5 7. Nge2 Nbd7 8. Qd2
Nb6 9. Ng3 a5 10. Be2 Nbd7 11. O-O exd4 12. Bxd4 Ne5 13. Rad1 Be6 14. c5 Nc4
15. Qc1 Qe7 16. Na4 Ne5 17. cxd6 cxd6 18. b3 Rac8 19. Qa3 Nc6 20. Bxf6 Bxf6 21.
Qxd6 Qxd6 22. Rxd6 Nd4 23. Bd3 b5 24. Nb6 Rc3 25. Bb1 Be5 26. Nd5 Rc5 27. Ra6
Bxd5 28. exd5 Rxd5 29. Rxa5 Re8 30. Ne4 f5 31. Nf2 Ne2+ 32. Kh1 Bd4 33. Nh3 Bc3
34. Ra7 Red8 35. g4 Rd1 36. Kg2 R1d2 37. Nf2 Nf4+ 38. Kg3 Be5 39. Re7 Ne2+ 40.
Kg2 Nf4+ 41. Kh1 Rxf2 42. Re1 Rdd2 43. Rc1 Rxh2+ 44. Kg1 Nh3+ 45. Kf1 Rh1# 0-1

[Event "Scarborough CC Jack Frost"]
[Site "Toronto CAN"]
[Date "2020.01.09"]
[Round "1.1"]
[White "Jeyakumar, Bhavatharshan"]
[Black "Mao, Fengxi"]
[Result "0-1"]
[WhiteElo "1848"]
[BlackElo "2246"]
[PlyCount "92"]
[EventDate "2020.01.09"]
[EventType "swiss"]
[EventRounds "6"]
[EventCountry "CAN"]

1. e4 e5 2. Nf3 Nc6 3. Bb5 a6 4. Ba4 Nf6 5. O-O Be7 6. Re1 b5 7. Bb3 O-O 8. c3
d5 9. exd5 Nxd5 10. Nxe5 Nxe5 11. Rxe5 c6 12. Bxd5 cxd5 13. Qf3 Bd6 14. Re1 Re8
15. Rxe8+ Qxe8 16. Qe3 Bf5 17. d4 Bf4 18. Qxe8+ Rxe8 19. Be3 Bxe3 20. fxe3 Rxe3
21. Kf2 Rd3 22. Ke2 b4 23. a3 bxc3 24. bxc3 h5 25. Ra2 Be4 26. Rb2 h4 27. Rb3
h3 28. g3 Rxg3 29. Nd2 Rg2+ 30. Ke3 f5 31. Nf3 g5 32. Rb8+ Kg7 33. Nxg5 Rxg5
34. Kf4 Rg2 35. Rb7+ Kf6 36. Rb6+ Ke7 37. Rxa6 Rxh2 38. Kg3 Rh1 39. a4 h2 40.
a5 f4+ 41. Kh3 f3 42. Ra7+ Ke6 43. Ra6+ Kf5 44. Ra8 Kf4 45. a6 Bf5+ 46. Kh4 Rg1
0-1

[Event "Scarborough CC Jack Frost"]
[Site "Toronto CAN"]
[Date "2020.01.09"]
[Round "1.2"]
[White "Southam, David"]
[Black "Xiao, Edward"]
[Result "0-1"]
[WhiteElo "2216"]
[BlackElo "1855"]
[PlyCount "84"]
[EventDate "2020.01.09"]
[EventType "swiss"]
[EventRounds "6"]
[EventCountry "CAN"]

1. d4 d5 2. c4 e6 3. Nf3 Nf6 4. g3 Be7 5. Bg2 O-O 6. O-O Nbd7 7. Nbd2 b6 8. Qc2
Bb7 9. b3 c5 10. cxd5 Bxd5 11. e4 Bb7 12. Bb2 Rc8 13. Qd3 cxd4 14. Nxd4 Nc5 15.
Qe3 Ng4 16. Qe2 Ne5 17. Nxe6 fxe6 18. Bxe5 Ba6 19. Nc4 Nd7 20. Bb2 Qc7 21. Rac1
Bf6 22. Bxf6 Nxf6 23. Bh3 Rfe8 24. Rc2 b5 25. Ne3 Qb7 26. Rxc8 Qxc8 27. e5 b4
28. Nc4 Nd5 29. Qg4 Bxc4 30. bxc4 Nc3 31. Ra1 Qa6 32. Qf3 Qxc4 33. Bf1 Qe4 34.
Qxe4 Nxe4 35. a3 b3 36. Bc4 Nd2 37. Bb5 b2 38. Rd1 Rb8 39. Bd3 b1=Q 40. Bxb1
Rxb1 41. Rxb1 Nxb1 42. a4 a5 0-1